|
|
|
|
| LEADER |
00000cam a2200000 7i4500 |
| 001 |
0000007798 |
| 005 |
20070206093000.0 |
| 008 |
061106s2005 mau i eng |
| 020 |
|
|
|a 0321247264 (pbk.)
|
| 090 |
0 |
0 |
|a QA76
|b .B743 2005
|
| 100 |
1 |
|
|a Brookshear, J. Glenn ,
|e author
|
| 245 |
1 |
0 |
|a Computer science :
|b an overview
|c J. Glenn Brookshear
|
| 250 |
|
|
|a 8th ed
|
| 260 |
2 |
|
|a Boston :
|b Pearson/Addison Wesley ,
|c c2005
|
| 300 |
|
|
|a xiv, 562 p. :
|b ill. ;
|c 24 cm.
|
| 504 |
|
|
|a Includes bibliographical references and index
|
| 650 |
|
0 |
|a Computer science
|
| 999 |
|
|
|a 1000105735
|b Book
|c OPEN SHELF (30 DAYS)
|e Tembila Campus
|